Music Quiz

Random Music or Song Quiz
Score 0/35 Timer 10:00
0 Plays Today
Modified Title Song Title % Correct
A Hard _____ NightA Hard Day's Night
92.5%
All ___ Need Is ____All You Need is Love
88%
Lucy in the Sky with ________Lucy in the Sky with Diamonds
86.5%
Penny ____Penny Lane
85.6%
______ SubmarineYellow Submarine
85%
Across the ________Across the Universe
85%
And I ____ HerAnd I Love Her
85%
Sgt. ________ Lonely ______ Club BandSgt. Pepper's Lonely Hearts Club Band
85%
All My ______All My Loving
84.2%
With a Little ____ From My _______With a Little Help From My Friends
84.2%
The ______ of John and ____The Ballad of John and Yoko
82.5%
Within You _______ YouWithin You Without You
81.2%
A Taste of _____A Taste of Honey
80.5%
___ NaturallyAct Naturally
79.7%
Back in the ____Back in the USSR
79.2%
A ___ in the ____A Day in the Life
78.9%
All ________ NowAll Together Now
75.2%
And Your ____ Can ____And Your Bird Can Sing
75.2%
Modified Title Song Title % Correct
Good _______, Good _______Good Morning, Good Morning
75.2%
Baby's in _____Baby's in Black
75%
All _____ Must PassAll Things Must Pass
74.4%
Baby You're a ____ ___Baby You're a Rich Man
74.2%
Ask Me ___Ask Me Why
72.5%
_____ for the _______ of Mr. KiteBeing for the Benefit of Mr. Kite
71.7%
Any ____ at ___Any Time at All
69.9%
All I've ___ to __All I've Got to Do
67.7%
____ (Go to Him)Anna (Go to Him)
67.7%
Ain't She _____Ain't She Sweet
63.9%
A World Without ____A World Without Love
62.4%
Baby ____ YouBaby It's You
60.8%
__-Bar Original12-Bar Original
57.1%
_______ GirlAnother Girl
54.9%
Christmas ____ (Is Here _____)Christmas Time (Is Here Again)
50.8%
A Shot of ______ and _____A Shot of Rhythm and Blues
40.6%
A _________A Beginning
29.3%

You're not logged in!

Compare scores with friends on all Sporcle quizzes.
OR
Log In

Sporcle TV

Today on Sporcle TV


Watch our educational content, quiz creation guides, and fun videos on Sporcle TV.

Show Comments

Extras

Top Quizzes Today


Score Distribution

Paid Content

Your Account Isn't Verified!

In order to create a playlist on Sporcle, you need to verify the email address you used during registration. Go to your Sporcle Settings to finish the process.

Report this User

Report this user for behavior that violates our Community Guidelines.

Details: